<?xml version="1.0" encoding="UTF-8"?>
<record
    xmlns:xsi="http://www.w3.org/2001/XMLSchema-instance"
    xsi:schemaLocation="http://www.loc.gov/MARC21/slim http://www.loc.gov/standards/marcxml/schema/MARC21slim.xsd"
    xmlns="http://www.loc.gov/MARC21/slim">

  <leader>01017nam a2200241 a 4500</leader>
  <controlfield tag="001">BRCA_4321</controlfield>
  <controlfield tag="005">20190320204627.0</controlfield>
  <controlfield tag="008">240610r18581982mx-bh#####---#000-0#spa-#</controlfield>
  <datafield tag="041" ind1=" " ind2=" ">
    <subfield code="a">spa</subfield>
  </datafield>
  <datafield tag="044" ind1=" " ind2=" ">
    <subfield code="a">mx</subfield>
  </datafield>
  <datafield tag="050" ind1=" " ind2="4">
    <subfield code="a">G1545</subfield>
    <subfield code="b">.G37 1982</subfield>
  </datafield>
  <datafield tag="100" ind1="1" ind2=" ">
    <subfield code="a">Garc&#xED;a y Cubas, Antonio</subfield>
    <subfield code="d">1982-1912</subfield>
    <subfield code="9">11080</subfield>
  </datafield>
  <datafield tag="245" ind1="1" ind2="0">
    <subfield code="a">Atlas geogr&#xE1;fico, estad&#xED;stico e hist&#xF3;rico de la Rep&#xFA;blica Mexicana</subfield>
    <subfield code="c">formado por Antonio Garc&#xED;a y Cubas ; introducci&#xF3;n Graciela Romand&#xED;a de Cant&#xFA;.</subfield>
  </datafield>
  <datafield tag="260" ind1=" " ind2=" ">
    <subfield code="a">M&#xE9;xico</subfield>
    <subfield code="b">Celanece Mexicana</subfield>
    <subfield code="c">1982</subfield>
  </datafield>
  <datafield tag="300" ind1=" " ind2=" ">
    <subfield code="a">1 v. (en varias paginaciones)</subfield>
    <subfield code="b">il. (algunas a color), 33 l&#xE1;minas, mapas</subfield>
    <subfield code="c">45 cm.</subfield>
  </datafield>
  <datafield tag="500" ind1=" " ind2=" ">
    <subfield code="a">Facs&#xED;mil de: Antonio Garc&#xED;a y Cubas. M&#xE9;xico : Imprenta de Jos&#xE9; Mariano Fern&#xE1;ndez de Lara, 1858</subfield>
  </datafield>
  <datafield tag="501" ind1=" " ind2=" ">
    <subfield code="a">Incluye noticia de minerales y fincas r&#xFA;sticas</subfield>
  </datafield>
  <datafield tag="501" ind1=" " ind2=" ">
    <subfield code="a">Por su formato NO se presta a domicilio</subfield>
  </datafield>
  <datafield tag="650" ind1="1" ind2="4">
    <subfield code="a">Cartograf&#xED;a</subfield>
    <subfield code="y">Siglo XIX</subfield>
    <subfield code="z">M&#xE9;xico</subfield>
    <subfield code="9">9799</subfield>
  </datafield>
  <datafield tag="651" ind1=" " ind2="4">
    <subfield code="a">M&#xE9;xico</subfield>
    <subfield code="v">Mapas</subfield>
    <subfield code="y">Siglo XIX</subfield>
    <subfield code="9">9800</subfield>
  </datafield>
  <datafield tag="700" ind1="1" ind2=" ">
    <subfield code="a">Romand&#xED;a de Cant&#xFA;, Graciela</subfield>
    <subfield code="9">817</subfield>
  </datafield>
  <datafield tag="942" ind1=" " ind2=" ">
    <subfield code="2">lcc</subfield>
    <subfield code="c">B</subfield>
  </datafield>
  <datafield tag="999" ind1=" " ind2=" ">
    <subfield code="c">4032</subfield>
    <subfield code="d">4032</subfield>
  </datafield>
  <datafield tag="952" ind1=" " ind2=" ">
    <subfield code="0">0</subfield>
    <subfield code="1">0</subfield>
    <subfield code="4">0</subfield>
    <subfield code="7">0</subfield>
    <subfield code="a">BRCA</subfield>
    <subfield code="b">BRCA</subfield>
    <subfield code="d">2010-06-24</subfield>
    <subfield code="l">0</subfield>
    <subfield code="o">G1545 .G37 1982</subfield>
    <subfield code="p">00610</subfield>
    <subfield code="r">2019-03-22 00:00:00</subfield>
    <subfield code="w">2019-03-22</subfield>
    <subfield code="y">B</subfield>
  </datafield>
</record>
